LEADER 01046nam0-2200313---450- 001 990008817100403321 005 20090326123408.0 035 $a000881710 035 $aFED01000881710 035 $a(Aleph)000881710FED01 035 $a000881710 100 $a20090303d1929----km-y0itay50------ba 101 0 $aita 102 $aIT 105 $aa-------001yy 200 1 $aMonumenta Italiae Cartographica$eriproduzioni di carte generali e regionali d'Italia dal secolo XIV al XVII$fRoberto Almagią 210 $aFirenze$cIstituto Geografico Militare$d1929 215 $a88 p., 45 c. doppie$cill.$d53 cm$e[79] c. 610 0 $aItalia$aCartografia antica 700 1$aAlmagią,$bRoberto$f<1884-1962>$04190 801 0$aIT$bUNINA$gRICA$2UNIMARC 901 $aBK 912 $a990008817100403321 952 $aCons.1 Atl.1 066(1)$bIst. 3378$fILFGE 952 $aCons.1 Atl.1 066(2)$bIst. s.i.$fILFGE 952 $aCons.1 Atl.1 066(1)bis$bIst. s.i.$fILFGE 959 $aILFGE 996 $aMonumenta Italiae Cartographica$9732583 997 $aUNINA LEADER 01579nam 2200313 n 450 001 996392278203316 005 20221108083223.0 035 $a(CKB)4940000000108208 035 $a(EEBO)2240961050 035 $a(UnM)99862995 035 $a(EXLCZ)994940000000108208 100 $a19930309d1648 uy | 101 0 $aeng 135 $aurbn||||a|bb| 200 12$aA proclamation published through every regiment of horse and foot, and all the garrisons of the north of England$b[electronic resource] $e(upon orders received from his Excellency Sir Thomas Fairfax.) By Major Generall Lambert. Also the sentence of the councell of vvar, for inflicting of exemplary punishment upon divers souldiers, that mutinyed at Halifax, with others. And a copy of Major Generall Lamberts speech, made at a councell of war, concerning disbanding. With instructions to the colonells and other officers. Subscribed, Jo. Lambert 210 $aPrinted at London $cby Robert Ibbitson in Smithfield, neere the Queens-head Tavern$d1648 215 $a[2], 6 p 300 $aAnnotation on Thomason copy: "Feb: 1st"; the 8 in imprint date has been altered to 7. 300 $aReproduction of the original in the British Library. 330 $aeebo-0018 700 $aLambert$b John$f1619-1683.$01005103 801 0$bCu-RivES 801 1$bCu-RivES 801 2$bCStRLIN 801 2$bWaOLN 906 $aBOOK 912 $a996392278203316 996 $aA proclamation published through every regiment of horse and foot, and all the garrisons of the north of England$92361186 997 $aUNISA LEADER 02448nam 2200565 450 001 996213870803316 005 20230803021705.0 010 $a0-19-175731-4 010 $a0-19-163938-9 035 $a(CKB)2550000001117953 035 $a(EBL)3055605 035 $a(OCoLC)922972555 035 $a(SSID)ssj0001130621 035 $a(PQKBManifestationID)11642918 035 $a(PQKBTitleCode)TC0001130621 035 $a(PQKBWorkID)11109811 035 $a(PQKB)11472056 035 $a(StDuBDS)EDZ0000172441 035 $a(MiAaPQ)EBC3055605 035 $a(EXLCZ)992550000001117953 100 $a20130716d2013 uy 0 101 0 $aeng 135 $aur|n|---||||| 181 $ctxt 182 $cc 183 $acr 200 14$aThe antiquity of the Italian nation $ethe cultural origins of a political myth in modern Italy, 1796-1943 /$fAntonino de Francesco 210 1$aOxford :$cOxford University Press,$d2014. 215 $a1 online resource (277 p.) 225 1 $aClassical Presences 225 0$aClassical presences 300 $aDescription based upon print version of record. 311 $a0-19-966231-2 311 $a1-299-87048-1 320 $aIncludes bibliographical references and index. 327 $a""Cover""; ""Contents""; ""Introduction""; ""1. The historic past of the nation""; ""2. A plural Italy""; ""3. Unity in diversity""; ""4. The other Italy""; ""5. The anthropology of the nation""; ""6. Return to Rome""; ""7. The Italian Fascist Empire, racial policy and Etruscology""; ""Bibliography""; ""Index""; ""A""; ""B""; ""C""; ""D""; ""E""; ""F""; ""G""; ""H""; ""I""; ""J""; ""K""; ""L""; ""M""; ""N""; ""O""; ""P""; ""Q""; ""R""; ""S""; ""T""; ""U""; ""V""; ""W""; ""Z"" 330 8 $aThis book explores the political uses of Italy's antique past in the early nineteenth century, tracing how anti-romanism was transformed into a pillar of the nation-building process. It demonstrates the pivotal role played by this ancient heritage in the formation of modern Italian national identity. 410 0$aClassical Presences 606 $aNationalism$zEurope 607 $aItaly$xHistory 615 0$aNationalism 676 $a945.08 700 $aDe Francesco$b Antonino$f1954-$09788 801 0$bMiAaPQ 801 1$bMiAaPQ 801 2$bMiAaPQ 906 $aBOOK 912 $a996213870803316 996 $aThe antiquity of the Italian nation$92380555 997 $aUNISA